ՀՀ Գիտությունների ազգային ակադեմիայի հիմնարար գիտական գրադարան  =   Fundamental Scientific Library of NAS RA

Նամակներ ՀՀ.Բ. Պիլէզիկճեանին, Ն. Ակինեանին, Սիմոնն Յակոբեանին = (Record no. 11975)

MARC details
000 -LEADER
fixed length control field 00904nam a2200217 a 4500
001 - CONTROL NUMBER
control field 000027624
003 - CONTROL NUMBER IDENTIFIER
control field AM-YEHGA
005 - DATE AND TIME OF LATEST TRANSACTION
control field 20250618070913.0
008 - FIXED-LENGTH DATA ELEMENTS--GENERAL INFORMATION
fixed length control field 991019s1996 ai |||||||||||arm d
040 ## - CATALOGING SOURCE
Original cataloging agency AM-YeHGA
041 0# - LANGUAGE CODE
Language code of text/sound track or separate title arm
090 ## - LOCALLY ASSIGNED LC-TYPE CALL NUMBER (OCLC); LOCAL CALL NUMBER (RLIN)
-- 12069
100 1# - MAIN ENTRY--PERSONAL NAME
Personal name Իսահակյան, Ավետիք Սահակի,
Dates associated with a name 1875-1957
9 (RLIN) 963
245 10 - TITLE STATEMENT
Title Նամակներ ՀՀ.Բ. Պիլէզիկճեանին, Ն. Ակինեանին, Սիմոնն Յակոբեանին =
Remainder of title Lettres aux PP.B. Bilezikdjian, N. Akinian et a Simon Hakopian /
Statement of responsibility, etc. Աւետիք Իսահակեան ; Հրատ.՝ Մարտիրոս Մարտիրոսեան.
246 31 - VARYING FORM OF TITLE
Title proper/short title Lettres aux PP.B. Bilezikdjian, N. Akinian et a Simon Hakopian
250 ## - EDITION STATEMENT
Edition statement 2-րդ հրատ., սրբագրվ.
260 ## - PUBLICATION, DISTRIBUTION, ETC.
Place of publication, distribution, etc. Ժնեւ :
Name of publisher, distributor, etc. Ա.հ. ,
Date of publication, distribution, etc. 1996.
300 ## - PHYSICAL DESCRIPTION
Extent 78 էջ
700 1# - ADDED ENTRY--PERSONAL NAME
Personal name Մարտիրոսեան, Մարտիրոս
Relator term կազմ.
Relationship com
942 ## - ADDED ENTRY ELEMENTS (KOHA)
Source of classification or shelving scheme Universal Decimal Classification
Koha item type Գրքեր / Books
Holdings
Withdrawn status Lost status Damaged status Not for loan Collection Home library Current library Date acquired Total checkouts Full call number Barcode Date last seen Cost, replacement price Price effective from Koha item type Public note
        General Fundamental Scientific Library Fundamental Scientific Library 21/12/2016   AIII/6699 FL0076405 21/12/2016 5.00 21/12/2016 Գրքեր / Books 30 Days Loan


ՀՀ ԳԱԱ հիմնարար գիտական գրադարան
ՀՀ,Երևան 0019
Մարշալ Բաղրամյան 24/6
հեռախոս:(374-10) 52-47-50
Հետադարձ կապ

All site content, except where otherwise noted, is licensed under a
Creative Commons License